Countries of Greater Yugoslavia on a Map - Statistics

General Stats
  • This quiz has been taken 158 times
  • The average score is 12 of 12
Answers on the Map
Answers color-coded by a green-red scale on the quiz's map according to % correct below.
 
Answer Stats
Country % Correct
Bulgaria
98%
Serbia
98%
Albania
97%
Bosnia and Herzegovina
97%
Croatia
97%
Kosovo
97%
North Macedonia
97%
Slovenia
97%
Montenegro
96%
Greece
94%
Italy
93%
Austria
92%
No matching quizzes found
Score Distribution
Percent of People with Each Score
Percentile by Number Answered
Your Score History
You have not taken this quiz